| 000 | 01004nam a22002657a 4500 | ||
|---|---|---|---|
| 005 | 20170804155359.0 | ||
| 010 | _aBAC-CH25 | ||
| 020 |
_a9781107685888 _c375.00 |
||
| 020 |
_a9781107669208 _c375.00 |
||
| 035 | _aB-558826-859 | ||
| 035 | _aB-664615 | ||
| 035 | _aG-003165 | ||
| 037 |
_bUBH/Ven _adpl |
||
| 082 | _a483 | ||
| 100 | _aJones, Daniel | ||
| 245 |
_aCambridge english pronouncing dictionary/ _cby Daniel Jones; edited by Peter Roach and others |
||
| 250 | _a18th edn. | ||
| 260 |
_aNewYork _bCambridge University Press _c2013 |
||
| 270 |
_a4381/4, Ansari Road, Daryaganj _bNew Delhi _e 10002 |
||
| 300 |
_a580p. _c22cm(pbk) |
||
| 942 |
_cCH _2ddc _mJON _h483 |
||
| 999 |
_c85958 _d85958 |
||